Die Wirtschaftslage der ehemaligen RGW-Länder im Jahr 1990 (Record no. 7072)

MARC details
000 -LEADER
fixed length control field 00924nas a22002777i 4500
001 - CONTROL NUMBER
control field 8456
003 - CONTROL NUMBER IDENTIFIER
control field OSt
005 - DATE AND TIME OF LATEST TRANSACTION
control field 20170216211014.0
007 - PHYSICAL DESCRIPTION FIXED FIELD--GENERAL INFORMATION
fixed length control field tu
008 - FIXED-LENGTH DATA ELEMENTS--GENERAL INFORMATION
fixed length control field 161220s1991 xxu||||| |||| 00| 0 d
024 7# - OTHER STANDARD IDENTIFIER
Standard number or code 8456
Source of number or code RID
040 ## - CATALOGING SOURCE
Transcribing agency OSt
100 1# - MAIN ENTRY--PERSONAL NAME
Personal name Laski, Kazimierz
245 00 - TITLE STATEMENT
Title Die Wirtschaftslage der ehemaligen RGW-Länder im Jahr 1990
260 ## - PUBLICATION, DISTRIBUTION, ETC.
Place of publication, distribution, etc. Wien :
Name of publisher, distributor, etc. Wiener Institut für Internationale Wirtschaftsverleiche (wiiw),
Date of publication, distribution, etc. 1991.
490 ## - SERIES STATEMENT
Series statement wiiw Sonderpublikationen
500 00 - GENERAL NOTE
General note Vortrag von Prof. Dr. Kazimierz Laski, wissenschaftlicher Leiter des Wiener Institutes für Internationale Wirtschaftsvergleiche (wiiw), gehalten auf der Ordentlichen Generalversammlung des WIIW für das Jahr 1990, Wien, 4. April 1991
650 ## - SUBJECT ADDED ENTRY--TOPICAL TERM
Topical term or geographic name entry element RGW
651 ## - SUBJECT ADDED ENTRY--GEOGRAPHIC NAME
Geographic name Poland
651 ## - SUBJECT ADDED ENTRY--GEOGRAPHIC NAME
Geographic name Romania
651 ## - SUBJECT ADDED ENTRY--GEOGRAPHIC NAME
Geographic name Bulgaria
651 ## - SUBJECT ADDED ENTRY--GEOGRAPHIC NAME
Geographic name Hungary
651 ## - SUBJECT ADDED ENTRY--GEOGRAPHIC NAME
Geographic name CSFR
651 ## - SUBJECT ADDED ENTRY--GEOGRAPHIC NAME
Geographic name German Democratic Republic
651 ## - SUBJECT ADDED ENTRY--GEOGRAPHIC NAME
Geographic name Yugoslavia
942 ## - ADDED ENTRY ELEMENTS (KOHA)
Koha item type Paper
Holdings
Withdrawn status Lost status Damaged status Not for loan Home library Current library Shelving location Date acquired Inventory number Total Checkouts Barcode Date last seen Price effective from Koha item type
        WIIW WIIW Library 04/10/2013 8456   10005562 01/26/2017 01/26/2017 Paper
The Vienna Instiute for International Economic Studies (wiiw)